Iyyobinte swapnavum kannadikkuzhalum (Record no. 42698)
[ view plain ]
| 000 -LEADER | |
|---|---|
| fixed length control field | 00827nam a2200157Ia 4500 |
| 008 - FIXED-LENGTH DATA ELEMENTS--GENERAL INFORMATION | |
| fixed length control field | 210329s9999||||xx |||||||||||||| ||und|| |
| 040 ## - CATALOGING SOURCE | |
| Transcribing agency | STCPL |
| 082 ## - DEWEY DECIMAL CLASSIFICATION NUMBER | |
| Classification number | 894.812 301 |
| Item number | DAM-I |
| 100 ## - MAIN ENTRY--PERSONAL NAME | |
| Personal name | Damodaran Kulappuram |
| 245 #0 - TITLE STATEMENT | |
| Title | Iyyobinte swapnavum kannadikkuzhalum |
| Title in other language | ഇയ്യോബിന്റെ സ്വപ്നവും കണ്ണാടിക്കുഴലും |
| 260 ## - PUBLICATION, DISTRIBUTION, ETC. | |
| Place of publication, distribution, etc. | Payyannur |
| Name of publisher, distributor, etc. | Sameeksha Books |
| Date of publication, distribution, etc. | 1997 |
| 300 ## - PHYSICAL DESCRIPTION | |
| Extent | 80P, 21CM |
| 650 ## - SUBJECT ADDED ENTRY--TOPICAL TERM | |
| Topical term or geographic name entry element | GeneralTHE VOCATION OF JOURNALISM, THE WORLD OF NEWSPAPERS, JOURNALISM IN INDIA , THE NEW TRENDS, THE LANGUAGE PRESS , THE NEED FOR SPECIALISATION , SOME RELATED ASPECTS, THE INDIAN PRESS, RESPONSIBLE OR IRRESPONSIBLE , JOURALISM COURSES, TYPES OF JOBS IN THE FIELD OF JOURNALISM, ABOUT GETTING THE JOB IN THE FIELD OF JOURNALISM |
| 942 ## - ADDED ENTRY ELEMENTS (KOHA) | |
| Koha item type | Books |
| 041 ## - LANGUAGE CODE | |
| Language code of original | Malayalam |
| Withdrawn status | Lost status | Damaged status | Not for loan | Home library | Current library | Shelving location | Date acquired | Cost, normal purchase price | Total Checkouts | Full call number | Barcode | Date last seen | Price effective from | Koha item type |
|---|---|---|---|---|---|---|---|---|---|---|---|---|---|---|
| ST. THOMAS COLLEGE LIBRARY, PALAI | ST. THOMAS COLLEGE LIBRARY, PALAI | 2021-07-10 | 32.00 | 894.812 3 DAM-I | 57248 | 2021-07-10 | 2021-07-10 | Books |
